| 000 | 01039nam a22002297a 4500 | ||
|---|---|---|---|
| 005 | 2010072705525.0 | ||
| 010 | _aHIN-89849 | ||
| 020 |
_a8188858838 _c150.00 |
||
| 035 | _aHN-62195 | ||
| 037 | _bDBAD / PUB | ||
| 082 | _aक | ||
| 100 |
_aभारद्वाज, आशुतोष _923961 |
||
| 245 |
_aजो फ्रेम में न थे / _cआशुतोष भारद्वाज |
||
| 246 |
_aJo frem mein na the _bby Ashutosh Bhardwaj |
||
| 260 |
_aबीकानेर _bसूर्य प्रकाशन मन्दिर _c2010 |
||
| 270 |
_aनेहरू मार्ग (दाऊजी रोड) _bबीकानेर |
||
| 300 |
_a112पृ. _c22सेमी (सजिल्द) |
||
| 650 |
_bलघु कथाएँ, हिन्दी _91169 |
||
| 650 |
_bShort Stories _91170 |
||
| 942 |
_2ddc _cHN _hक _mभारद्वा |
||
| 999 |
_c37948 _d37948 |
||